[Event "Challenge"]
[Site "http://www.queenalice.com/game.php?id=352164"]
[Date "2008.2.10"]
[Round "-"]
[White "Nascimento"]
[Black "samuelkoch"]
[Result "1-0"]
[WhiteElo "1288"]
[BlackElo "1100"]

1. e4 Nf6 2. Nc3 e5 3. d4 exd4 4. Qxd4 Be7 5. Bg5 Nc6 6. Qd2 O-O 7. O-O-O Nb4 8.
h4 Nxa2+ 9. Nxa2 Nxe4 10. Qe2 Nxg5 11. hxg5 Bxg5+ 12. Kb1 b6 13. Qh5 Bh6 14. Bc4
Qe8 15. Nf3 1-0

[Event "Challenge"]
[Site "http://www.queenalice.com/game.php?id=354979"]
[Date "2008.2.15"]
[Round "-"]
[White "SaL"]
[Black "samuelkoch"]
[Result "0-1"]
[WhiteElo "1221"]
[BlackElo "1099"]

1. Na3 e5 2. c4 Nc6 3. Qb3 a5 4. c5 Bxc5 5. Qg3 d6 6. Qxg7 Nce7 7. Qxh8 f6 8. d3
Bb4+ 9. Bd2 Bc5 10. Qxh7 Bf5 11. Qh5+ Kd7 12. Nc4 Bg6 13. Qg4+ f5 14. Qf3 c6 15.
Bxa5 b6 16. Bd2 Ra4 17. Ne3 f4 18. Ng4 Bf5 19. Nh6 Nf6 20. Nf7 Qf8 21. Ng5 Ra5
22. e4 Bg6 23. Qh3+ Kc7 24. Ne6+ Kb7 25. Nxf8 Bh5 26. Rc1 Rxa2 27. Ne6 Bg4 28.
Qh8 Neg8 29. Qg7+ Ka8 30. Qf8+ Ka7 31. d4 Bxd4 32. Qxd6 Nxe4 33. Rc2 Ra1+ 34.
Bc1 Nxd6 35. Rxc6 Bxb2 36. Kd2 Ne4+ 37. Kd3 Ngf6 38. Bxb2 Rd1+ 39. Kc4 Nd2+ 40.
Kc3 Nd5+ 41. Kd3 e4+ 42. Kc2 Nxf1 43. h3 Be2 44. h4 Nb4+ 45. Kb3 Nxc6 46. h5
Rd3+ 47. Ka2 Nd2 48. h6 Nb4+ 49. Ka1 Rd5 50. Ba3 Nd3 51. h7 Ra5 52. Ka2 Bd1 53.
h8=Q Bb3+ 54. Ka1 Rxa3# 0-1

[Event "Challenge"]
[Site "http://www.queenalice.com/game.php?id=356721"]
[Date "2008.2.18"]
[Round "-"]
[White "ane"]
[Black "samuelkoch"]
[Result "1-0"]
[WhiteElo "1307"]
[BlackElo "1047"]

1. e4 Nf6 2. d3 e5 3. Nf3 Bb4+ 4. c3 Be7 5. Nxe5 d6 6. Nc4 Ng4 7. h3 Ne5 8. f4
Nec6 9. b3 Bh4+ 10. Kd2 Bg3 11. Ne3 Bxf4 12. Qf3 Qf6 13. Kd1 Ne5 14. Qe2 Nbd7
15. d4 Nc6 16. Nd5 Qh6 17. Nxf4 Nf6 18. e5 dxe5 19. dxe5 Nd5 20. Nxd5 Kd8 21.
Bxh6 gxh6 22. b4 a6 23. g4 a5 24. bxa5 Rxa5 25. h4 Rxd5+ 26. Nd2 Rg8 27. Qf3 Be6
28. Rb1 Nxe5 29. Qe4 Rg6 30. Rg1 c6 31. c4 Rc5 32. h5 f5 33. gxf5 Rxg1 34. fxe6
Ra5 35. Qxh7 Rxa2 36. Qh8+ Kc7 37. Qxe5+ Kc8 38. e7 Rg5 39. Qe6+ Kc7 40. Qxh6
Rg4 41. e8=Q Rd4 42. Qe7+ Kb8 43. Qh8+ Ka7 44. Qxd4+ Ka6 45. Rxb7 Ra1+ 46. Qxa1#
1-0

[Event "Challenge"]
[Site "http://www.queenalice.com/game.php?id=361314"]
[Date "2008.2.26"]
[Round "-"]
[White "Demig"]
[Black "samuelkoch"]
[Result "0-1"]
[WhiteElo "1166"]
[BlackElo "1091"]

1. d4 e6 2. e4 Nf6 3. Nd2 c6 4. c4 Bb4 5. Nf3 Na6 6. a3 Be7 7. b3 d6 8. Nh4 g5
9. Nhf3 h6 10. g3 Qa5 11. Bb2 g4 12. Nh4 Rg8 13. b4 Qg5 14. f4 Qh5 15. Qe2 b6
16. Nb3 Rb8 17. O-O-O Nc7 18. Bg2 Ra8 19. Rhe1 a5 20. Rd3 axb4 21. axb4 Ba6 22.
Re3 Bb7 23. e5 dxe5 24. Rxe5 Rg5 25. Nd2 Bd6 26. d5 cxd5 27. Ndf3 Nd7 28. Qe3 f6
29. f5 fxe5 30. Nxe5 Nxe5 31. Bxe5 Bxe5 32. Qxe5 Qf7 33. Qh8+ Rg8 34. Qxh6 Ra1+
35. Kd2 Ra2+ 36. Kd1 Kd7 37. Qe3 Re8 38. Ng6 exf5 39. Ne5+ Rxe5 40. Qc1 Qf6 41.
Qb1 Rxg2 42. h4 Qe6 43. Kc1 Rxe1# 0-1

[Event "Challenge"]
[Site "http://www.queenalice.com/game.php?id=365354"]
[Date "2008.3.4"]
[Round "-"]
[White "ane"]
[Black "samuelkoch"]
[Result "0-1"]
[WhiteElo "1302"]
[BlackElo "1031"]

1. e4 e6 2. Nc3 c6 3. b3 a6 4. Nf3 g6 5. g3 Bg7 6. Ba3 b5 7. b4 h5 8. Ne5 Bxe5
9. f4 Bd4 10. Rb1 Nh6 11. Ne2 Bg7 12. Bg2 Ng4 13. O-O h4 14. Bf3 Nh6 15. e5 d5
16. Nc3 Qb6+ 17. Kh1 f5 18. gxh4 Nf7 19. Na4 bxa4 20. Be2 Qd8 21. Rg1 Qxh4 22.
Bb2 Qxh2# 0-1

[Event "Challenge"]
[Site "http://www.queenalice.com/game.php?id=365876"]
[Date "2008.3.5"]
[Round "-"]
[White "samuelkoch"]
[Black "maverick"]
[Result "0-1"]
[WhiteElo "1099"]
[BlackElo "1541"]

1. e4 d5 2. exd5 Qxd5 3. Nc3 Qd8 4. d4 g6 5. d5 Bg7 6. Bb5+ Bd7 7. Nf3 Bxb5 8.
Nxb5 a6 9. Nc3 Nf6 10. b3 Nfd7 11. Ng5 Bxc3+ 12. Bd2 Bxa1 13. Qxa1 O-O 14. Qd4
Nf6 15. O-O Nxd5 16. c4 Nf6 17. Qe3 Qd7 18. Ne4 Nxe4 19. Qxe4 Nc6 20. Bc3 e6 21.
Qh4 f6 22. g3 Kg7 23. Re1 e5 24. Bb2 Qd2 25. Rb1 Qc2 26. Rc1 Qxb2 27. Re1 Rfd8
28. Kg2 Qxa2 29. g4 Qd2 30. Re3 Rd3 31. Rxd3 Qxd3 32. g5 fxg5 33. Qxg5 Qf5 34.
Qxf5 gxf5 35. c5 Rd8 36. h4 h5 37. f3 Kg6 38. b4 Nxb4 39. Kg3 Nd3 40. c6 bxc6
41. Kg2 Nb4 42. Kf2 c5 43. Ke3 c4 44. f4 exf4+ 45. Kxf4 Re8 46. Kf3 c5 47. Kf2
c3 48. Kf1 c4 49. Kg1 c2 50. Kh1 c3 51. Kg1 c1=Q+ 52. Kh2 Re2+ 53. Kg3 Qe3# 0-1

[Event "Challenge"]
[Site "http://www.queenalice.com/game.php?id=366734"]
[Date "2008.3.6"]
[Round "-"]
[White "b3nedtiojr"]
[Black "samuelkoch"]
[Result "1-0"]
[WhiteElo "1050"]
[BlackElo "1142"]

1. e4 Nf6 2. Nc3 e5 3. Bb5 c6 4. Ba4 d6 5. Nf3 b5 6. Bb3 a5 7. Ng5 h6 8. Nxf7
Qd7 9. Nxh8 a4 10. Bf7+ Kd8 11. O-O Ba6 12. d3 g5 13. Qf3 Qe7 14. b3 axb3 15.
cxb3 b4 16. Nd1 g4 17. Qe3 Nbd7 18. a3 Bb5 19. f3 bxa3 20. Nc3 Bg7 21. Nxb5 Bxh8
22. Nc7 Kxc7 23. Rxa3 Rb8 24. Qa7+ Rb7 25. Qa8 Rb8 26. Ra7+ Kc8 27. Qxc6+ Kd8
28. Bxh6 Qxf7 29. Rfa1 gxf3 30. Ra8 Ng4 31. h3 f2+ 32. Kf1 Nh2+ 33. Ke2 Qh5+ 34.
Kxf2 Qf7+ 35. Ke2 Ke8 36. R1a7 Qh5+ 37. Kd2 Nf1+ 38. Kc3 Qxh6 39. Qxd7+ Kf8 40.
Rxb8# 1-0

[Event "Challenge"]
[Site "http://www.queenalice.com/game.php?id=370479"]
[Date "2008.3.13"]
[Round "-"]
[White "johnlennon55"]
[Black "samuelkoch"]
[Result "0-1"]
[WhiteElo "1190"]
[BlackElo "1222"]

1. e4 Nf6 2. Nc3 h5 3. Nf3 g6 4. Nb5 Nxe4 5. Qe2 f5 6. Qe3 a6 7. Qa3 c6 8. Nbd4
e5 9. Qe3 Bh6 10. Qb3 c5 11. Ne2 d6 12. d3 Nf6 13. Qa4+ b5 14. Qb3 Nbd7 15. Bg5
Qa5+ 16. Kd1 c4 17. dxc4 Nc5 18. Qe3 Nfe4 19. Nc3 f4 20. Qe2 Nxg5 21. Nxg5 Bxg5
22. Nd5 Bg4 23. f3 Be6 24. b4 Qa3 25. Nc7+ Ke7 26. Nxa8 Qb2 27. Rc1 Bxc4 28. Qd2
Nd7 29. Nc7 Rc8 30. Nxa6 Ra8 31. Bxc4 bxc4 32. Qd5 Rxa6 33. Qxc4 Rxa2 34. Re1
Nb6 35. Qc7+ Ke6 36. Qxb6 Bh4 0-1

[Event "Challenge"]
[Site "http://www.queenalice.com/game.php?id=372675"]
[Date "2008.3.17"]
[Round "-"]
[White "samuelkoch"]
[Black "ane"]
[Result "1-0"]
[WhiteElo "1120"]
[BlackElo "1355"]

1. d4 Nc6 2. Nc3 Nf6 3. e3 g6 4. d5 Nb8 5. Nge2 c5 6. g3 b6 7. Bg2 Na6 8. d6
exd6 9. b3 Rb8 10. Bb2 Ng4 11. Nb5 Rg8 12. Nxd6+ Ke7 13. Qd5 Nc7 14. Qd2 Ba6 15.
Bh3 Ne5 16. Bxe5 f6 17. Bf4 g5 18. Be5 fxe5 19. c4 Rg6 20. Nf5+ Ke8 21. Rd1 g4
22. Bg2 Rg5 23. Qd3 Ne6 24. h4 Rg8 25. Qd5 Bc8 26. Nd6+ Bxd6 27. Qxd6 Rb7 28. f3
Ng5 29. hxg5 Rxg5 30. Rxh7 Qc7 31. Rh8+ Kf7 32. Qf8+ Ke6 33. Qe8+ Kf6 34. Rf8+
Kg7 35. Qf7+ Kh6 36. Rh8# 1-0

[Event "Challenge"]
[Site "http://www.queenalice.com/game.php?id=372742"]
[Date "2008.3.17"]
[Round "-"]
[White "soonersam"]
[Black "samuelkoch"]
[Result "0-1"]
[WhiteElo "939"]
[BlackElo "1238"]

1. e4 Nf6 2. f3 d5 3. exd5 Nxd5 4. Nc3 Nb4 5. a3 N4c6 6. b4 g6 7. g4 Bg7 8. d3
h5 9. Nce2 hxg4 10. Rb1 gxf3 11. Nxf3 Rh3 12. Bxh3 Bxh3 13. Neg1 Bg2 14. Nh4
Bxh1 15. c3 Bxc3+ 16. Bd2 Qxd3 17. Rb3 Bxd2+ 18. Kf2 Be3+ 19. Ke1 Bd2+ 20. Qxd2
Qxb3 21. Nh3 Qxh3 22. Nxg6 fxg6 23. b5 Ne5 24. Qf4 Qc3+ 25. Ke2 g5 26. Qxe5
Qxe5+ 27. Kf1 Qxb5+ 28. Kg1 Qb1+ 29. Kf2 Nc6 30. Kg3 Rd8 31. Kg4 Rd5 32. Kh5
Qh7+ 33. Kg4 Rd4+ 34. Kxg5 Qg7+ 35. Kf5 e5 36. Ke6 e4 37. h3 e3 38. Kf5 e2 39.
h4 e1=Q 40. h5 Qe4# 0-1

[Event "Challenge"]
[Site "http://www.queenalice.com/game.php?id=377309"]
[Date "2008.3.26"]
[Round "-"]
[White "Gera"]
[Black "samuelkoch"]
[Result "0-1"]
[WhiteElo "1945"]
[BlackElo "1177"]

1. e4 e5 2. Nf3 f6 3. Nxe5 fxe5 4. Qh5+ g6 5. Qxe5+ Ne7 6. Qxh8 b5 7. Bxb5 a6 8.
Bc4 Bb7 9. Qf6 d6 10. Be6 Qd7 11. Bxd7+ Nxd7 0-1

[Event "Challenge"]
[Site "http://www.queenalice.com/game.php?id=378097"]
[Date "2008.3.27"]
[Round "-"]
[White "samuelkoch"]
[Black "Shortquick"]
[Result "0-1"]
[WhiteElo "1242"]
[BlackElo "1466"]

1. e4 c5 2. d3 Nc6 3. b3 Nf6 4. c4 g6 5. Bb2 Bg7 6. Na3 Qa5+ 7. Ke2 Nd4+ 8. Ke3
Bh6+ 9. f4 d6 10. Nb5 Ng4+ 11. Qxg4 Bxg4 12. Bc3 Qb6 13. h3 Bd7 14. Nxd4 cxd4+
15. Bxd4 Qc7 16. Bxh8 e5 17. g3 Qb6+ 18. Ke2 Ke7 19. Bxe5 dxe5 20. fxe5 Qe3+ 21.
Kd1 Qd2# 0-1

[Event "Challenge"]
[Site "http://www.queenalice.com/game.php?id=378099"]
[Date "2008.3.27"]
[Round "-"]
[White "deby"]
[Black "samuelkoch"]
[Result "0-1"]
[WhiteElo "994"]
[BlackElo "1232"]

1. Nc3 d5 2. g4 Bxg4 3. a4 d4 4. Nb5 Qd5 5. Na3 Qxh1 6. Nf3 Bh3 7. Ng1 Qxg1 8.
d3 Qxf1+ 9. Kd2 Qxf2 10. Ra2 g6 0-1

[Event "Challenge"]
[Site "http://www.queenalice.com/game.php?id=379331"]
[Date "2008.3.30"]
[Round "-"]
[White "jcmobregon"]
[Black "samuelkoch"]
[Result "1-0"]
[WhiteElo "2161"]
[BlackElo "1211"]

1. c4 e5 2. g3 b6 3. Bg2 c6 4. Nf3 f6 5. O-O g5 6. Nc3 d6 7. d3 Be6 8. Qa4 h5 9.
Ne1 h4 10. Bxc6+ Nxc6 11. Qxc6+ Bd7 12. Qd5 hxg3 13. fxg3 Ne7 14. Qf3 Bc6 15.
Qxf6 Rh6 16. Qxf8+ Kd7 17. Qxh6 Bb7 18. Bxg5 Qc7 19. Rf7 Qc6 20. Rxe7+ Kd8 21.
Qf8+ 1-0